March's thesaurus-dictionary (Record no. 436669)

000 -LEADER
fixed length control field 00369cam a22001217a 4500
008 - FIXED-LENGTH DATA ELEMENTS--GENERAL INFORMATION
fixed length control field 180718b1902 xxu||||| |||| 00| 0 eng d
082 ## - DEWEY DECIMAL CLASSIFICATION NUMBER
Classification number A321 Eng/M (R)
100 ## - MAIN ENTRY--PERSONAL NAME
Personal name March, Francis Andrew
245 ## - TITLE STATEMENT
Title March's thesaurus-dictionary
Statement of responsibility, etc. Francis Andrew March and Francis A. March
260 ## - PUBLICATION, DISTRIBUTION, ETC.
Place of publication, distribution, etc. New York
Name of publisher, distributor, etc. Hanover House
Date of publication, distribution, etc. 1902
300 ## - PHYSICAL DESCRIPTION
Extent 1240p.
700 ## - ADDED ENTRY--PERSONAL NAME
Personal name March, Francis A.
Holdings
Withdrawn status Lost status Damaged status Not for loan Permanent Location Current Location Date acquired Full call number Barcode Date last seen Price effective from Koha item type
        Indian Institute of Public Administration Indian Institute of Public Administration 2010-03-09 A321 Eng/M (R) 11026 2018-07-21 2018-07-21 Book

Powered by Koha